000 00847nas a2200289 4500
001 BR0200113
003 BR-BrBNA
005 20231205102722.0
007 ta
008 230509b bl.|||p| |||| 00| 00por d
040 _aBR-BrBNA
_bpor
_cBiblioteca Nacional de Agricultura
041 _a(Pt)
072 _aF30
100 1 _aJobim, C.I.P.
100 1 _aLemos, E.C.
100 1 _aBurin, M.L.
100 1 _aSchuck, E.
245 1 _aContribuição de variáveis ambientais à interação genótipo x ambiente em feijão
650 _aFEIJÃO
650 _aINTERAÇÃO GENÉTICA
650 _aDOENÇA DE PLANTA
650 _aGRÃO
650 _aRENDIMENTO
773 0 _tPesquisa Agropecuária Gaúcha (Brazil)
_xISSN 0104-9070
_g(2000), v. 6(1) p. 27-38
_wBR0200113
909 _a202311
_bLúcia
_c55
_dLúcia Elande
942 _2AGRIS
_n0
_cANA
999 _c168975
_d168975